000 00572nam a2200205 i 4500
001 108881
003 ES-MaACL
005 20250815115226.0
007 t|
008 061121s1929 fr r ||||1| fre d
100 1 _aMonvoisin, A.
_982764
245 1 0 _aPrécis de diagnostic vétérinaire /
_cpar A. Monvoisin et R. Moussu.
250 _a2e éd.
260 _aParís :
_bVigot,
_c1929.
300 _aVII, 472 p. :
_bil ;
_c18 cm.
650 7 _aVeterinaria
_2embne
_9138773
700 1 _aMoussu, R.
_983924
852 _aES-MaACL
_jB-11722
999 _c108881
_d108881